|
|
|
|
| LEADER |
00000cam a2200000 7i4500 |
| 001 |
0000002393 |
| 005 |
20030605.0 |
| 020 |
0 |
0 |
|a 9679311279
|
| 090 |
0 |
0 |
|a R027.0025595
|b DIR 2002
|
| 245 |
0 |
0 |
|a DIREKTORI perpustakaan di Malaysia .
|l directory of libraries in Malaysia
|
| 260 |
0 |
0 |
|a Kuala Lumpur :
|b Perpustakaan Negara Malaysia ,
|c 2002
|
| 300 |
|
|
|a vi, 596 p. :
|b col. ill. ;
|c 30 cm.
|
| 440 |
0 |
0 |
|a 4th ed.
|
| 500 |
0 |
0 |
|a Includes index
|
| 650 |
0 |
0 |
|a Libraries
|z Malaysia
|x Directories
|
| 710 |
1 |
1 |
|a Perpustakaan Negara Malaysia
|
| 998 |
|
|
|a JPSM
|
| 999 |
|
|
|a 0000004235
|b Monograph
|c Reference
|e Default branch
|